000
00250nam a22001217a 4500
020
_a
0-86313-682-6
082
_a
BAR/S
_b
BAR/S
245
_a
SCUBA DIVING
260
_a
LONDON
_b
FRANKLIN WATTS LTD.
300
_a
32
650
_a
GK
_z
LONDON
942
_c
BK
999
_c
6236
_d
6236